Kaffee im Spiegel europäischer Trinksitten / Coffee in the Context of European Drinking Habits (Record no. 8)
[ view plain ]
| 000 -LEADER | |
|---|---|
| campo de control de longitud fija | 01330nam a2200337 a 4500 |
| 001 - NÚMERO DE CONTROL | |
| campo de control | 3008679 |
| 003 - IDENTIFICADOR DE NÚMERO DE CONTROL | |
| campo de control | 000023 |
| 005 - FECHA Y HORA DE LA ÚLTIMA TRANSACCIÓN | |
| campo de control | 20220326193245.0 |
| 008 - DATOS DE LONGITUD FIJA--INFORMACIÓN GENERAL | |
| campo de control de longitud fija | 931110s1991 sz a b 000 0 ger d |
| 010 ## - NÚMERO DE CONTROL DE LA BIBLIOTECA DEL CONGRESO | |
| Número de control de LC | 93230427 |
| 020 ## - NÚMERO INTERNACIONAL ESTÁNDAR DEL LIBRO | |
| Número Internacional Estándar del Libro | 3906554066 |
| 035 ## - NÚMERO DE CONTROL DEL SISTEMA | |
| Número de control de sistema | (OCoLC)26468936 |
| 040 ## - FUENTE DE CATALOGACIÓN | |
| Centro catalogador/agencia de origen | NcD |
| Centro/agencia transcriptor | NcD |
| Centro/agencia modificador | NN |
| -- | DLC |
| 041 0# - CÓDIGO DE IDIOMA | |
| Código de lengua del texto/banda sonora o título independiente | gereng |
| 042 ## - CÓDIGO DE AUTENTICACIÓN | |
| Código de autenticación | lccopycat |
| 043 ## - CÓDIGO DE ÁREA GEOGRÁFICA | |
| Código de área geográfica | e------ |
| 050 00 - SIGNATURA TOPOGRÁFICA DE LA BIBLIOTECA DEL CONGRESO | |
| Número de clasificación | TX415 |
| Número de ítem | .K33 1991 |
| 082 00 - NÚMERO DE LA CLASIFICACIÓN DECIMAL DEWEY | |
| Número de clasificación | 641.6.373.094 |
| Número de ítem | B187K |
| Número de edición | 20 |
| 245 00 - MENCIÓN DEL TÍTULO | |
| Título | Kaffee im Spiegel europäischer Trinksitten / Coffee in the Context of European Drinking Habits |
| Mención de responsabilidad, etc. | herausgegeben von Daniela U. Ball = Coffee in the context of European drinking habits / edited by Daniela U. Ball. |
| 260 ## - PUBLICACIÓN, DISTRIBUCIÓN, ETC. | |
| Lugar de publicación, distribución, etc. | Zürich : |
| Nombre del editor, distribuidor, etc. | Johann Jacobs Museum, |
| Fecha de publicación, distribución, etc. | c1991. |
| 300 ## - DESCRIPCIÓN FÍSICA | |
| Extensión | 247 p. : |
| Otras características físicas | ill. ; |
| Dimensiones | 24.5 cm. |
| 440 #0 - MENCIÓN DE SERIE/PUNTO DE ACCESO ADICIONAL--TÍTULO | |
| Título | Veröffentlichungen des Johann Jacobs Museums zur Kulturgeschichte des Kaffees ; |
| Designación de volumen o secuencia | Bd. 2 |
| 9 (RLIN) | 18 |
| 500 ## - NOTA GENERAL | |
| Nota general | German and English. |
| 504 ## - NOTA DE BIBLIOGRAFÍA, ETC. | |
| Nota de bibliografía, etc. | Includes bibliographical references. |
| 650 #0 - PUNTO DE ACCESO ADICIONAL DE MATERIA--TÉRMINO DE MATERIA | |
| Término de materia o nombre geográfico como elemento de entrada | Coffee |
| Subdivisión geográfica | Europe |
| Subdivisión general | History. |
| 9 (RLIN) | 19 |
| 650 #0 - PUNTO DE ACCESO ADICIONAL DE MATERIA--TÉRMINO DE MATERIA | |
| Término de materia o nombre geográfico como elemento de entrada | Drinking customs |
| Subdivisión geográfica | Europe |
| Subdivisión general | History. |
| 9 (RLIN) | 20 |
| 700 1# - ENTRADA AGREGADA--NOMBRE PERSONAL | |
| Nombre de persona | Ball, Daniela. |
| 9 (RLIN) | 21 |
| 740 0# - ENTRADA AGREGADA--TÍTULO RELACIONADO/ANALÍTICO NO CONTROLADO | |
| Título relacionado o analítico no controlado | Coffee in the context of European drinking habits. |
| 906 ## - ELEMENTOS DE DATOS F LOCAL, LDF (RLIN) | |
| a | 7 |
| b | cbc |
| c | copycat |
| d | 2 |
| e | ncip |
| f | 19 |
| g | y-gencatlg |
| Estatus retirado | Estado de pérdida | Fuente del sistema de clasificación o colocación | Estado de daño | No para préstamo | Biblioteca de origen | Biblioteca actual | Ubicación en estantería | Fecha de adquisición | Total de préstamos | Signatura topográfica completa | Código de barras | Visto por última vez | Precio de reemplazo | Tipo de ítem Koha |
|---|---|---|---|---|---|---|---|---|---|---|---|---|---|---|
| Clasificación Decimal Dewey | Biblioteca LadoV | Biblioteca LadoV | 12/02/2014 | 641.6.373.094 B187K | 000023 | 12/02/2014 | 12/02/2014 | Material 01 |
